Heveawood: Sawntimber production and recovery studies (Record no. 60352)

MARC details
000 -LEADER
fixed length control field 00438nam a2200145Ia 4500
100 ## - MAIN ENTRY--AUTHOR NAME
Personal name Tiong G L
245 #0 - TITLE STATEMENT
Title Heveawood: Sawntimber production and recovery studies
260 ## - PUBLICATION, DISTRIBUTION, ETC. (IMPRINT)
Name of publisher Proceedings of the International Rubber Conference, Kuala Lumpur, Malaysia, V.3. 1985; p783-799
650 ## - SUBJECT ADDED ENTRY--TOPICAL TERM
Topical Term Heveawood
650 ## - SUBJECT ADDED ENTRY--TOPICAL TERM
Topical Term Rubberwood
700 ## - ADDED ENTRY--PERSONAL NAME
Personal name Kheng C O
700 ## - ADDED ENTRY--PERSONAL NAME
Personal name Yee H C
942 ## - ADDED ENTRY ELEMENTS (KOHA)
Koha item type Journals
Holdings
Withdrawn status Lost status Damaged status Not for loan Home library Current library Shelving location Date acquired Koha item type
      Journals RRII Library RRII Library Rubber general 17/12/2021 Journals